[Event "Miquel Mas op 19th"]
[Site "Castell de Sant Ferran"]
[Date "2018.08.13"]
[Round "6"]
[White "Perez Lopez, Alfonso"]
[Black "Vinolas Anglada, Judit"]
[Result "1-0"]
[WhiteElo "1774"]
[BlackElo "1458"]
[PlyCount "61"]
[EventDate "2018.08.09"]
[EventType "swiss"]
[EventRounds "9"]
[EventCountry "ESP"]
[SourceTitle "CBM 186 Extra"]
[Source "ChessBase"]
[SourceDate "2018.08.24"]
[SourceVersion "1"]
[SourceVersionDate "2018.08.24"]
[SourceQuality "1"]

1. c4 Nf6 2. Nc3 d6 3. g3 Nbd7 4. Bg2 g6 5. Nf3 Bg7 6. d4 Rb8 7. e4 c5 8. 0-0 0-0 9. h3 a6 10. Be3 b6 11. Qc2 Qc7 12. b3 Bb7 13. Rad1 e6 14. Rfe1 Rfe8 15. a4 h6 16. Rd2 Rbd8 17. Red1 Nb8 18. e5 dxe5 19. dxc5 bxc5 20. Rxd8 Rxd8 21. Rxd8+ Qxd8 22. Bxc5 Nfd7 23. Ba3 Nc6 24. Ne2 Nd4 25. Nfxd4 Bxg2 26. Nxe6 Qa8 27. Nc7 Qf3 28. Qc3 Qc6 29. Qd3 Bxh3 30. Nd5 Nf6 31. Ne7+ 1-0

[Event "Miquel Mas op 19th"]
[Site "Castell de Sant Ferran"]
[Date "2018.08.11"]
[Round "3"]
[White "Vinolas Anglada, Judit"]
[Black "Estruch Andreu, Guim"]
[Result "0-1"]
[WhiteElo "1458"]
[BlackElo "1728"]
[PlyCount "90"]
[EventDate "2018.08.09"]
[EventType "swiss"]
[EventRounds "9"]
[EventCountry "ESP"]
[SourceTitle "CBM 186 Extra"]
[Source "ChessBase"]
[SourceDate "2018.08.24"]
[SourceVersion "1"]
[SourceVersionDate "2018.08.24"]
[SourceQuality "1"]

1. e4 c5 2. Nf3 e6 3. d4 cxd4 4. Nxd4 a6 5. Nc3 Qc7 6. Be3 Nf6 7. Bd3 b5 8. Qd2 Bb7 9. f4 b4 10. Nce2 Bxe4 11. Ng3 Bxd3 12. Qxd3 Nc6 13. Nf3 Bd6 14. Qd2 0-0 15. 0-0 Nd5 16. Nh4 Nxe3 17. Qxe3 Ne7 18. Qd2 Nd5 19. Ne2 Rac8 20. Rac1 Bc5+ 21. Nd4 Bxd4+ 22. Qxd4 Qc5 23. Qxc5 Rxc5 24. g3 Rfc8 25. Rf2 Ne3 26. Rd2 d5 27. Nf3 Nc4 28. Rd4 Nxb2 29. Rb1 Rxc2 30. Rxb4 Nd3 31. Rb8 h6 32. Rxc8+ Rxc8 33. Rd1 Nb2 34. Rd2 Rc1+ 35. Kf2 Nc4 36. Re2 Kh7 37. Ne5 Nxe5 38. fxe5 Kg6 39. Ke3 f6 40. Kd4 Rc4+ 41. Kd3 fxe5 42. Rxe5 Kf6 43. Re2 e5 44. Rb2 e4+ 45. Ke3 Ke5 0-1

[Event "Figueres Nadal op 7th"]
[Site "Figueres"]
[Date "2017.12.30"]
[Round "8"]
[White "Alarcon Pages, Salvador"]
[Black "Vinolas Anglada, Judit"]
[Result "1-0"]
[WhiteElo "1674"]
[BlackElo "1385"]
[PlyCount "77"]
[EventDate "2017.12.27"]
[EventType "swiss"]
[EventRounds "8"]
[EventCountry "ESP"]
[SourceTitle "CBM 182 Extra"]
[Source "ChessBase"]
[SourceDate "2018.02.23"]
[SourceVersion "1"]
[SourceVersionDate "2018.02.23"]
[SourceQuality "1"]

1. e4 c5 2. f4 Nc6 3. Nf3 b6 4. Be2 Bb7 5. 0-0 g6 6. d3 Bg7 7. Nc3 d6 8. Ng5 Nf6 9. a3 0-0 10. f5 Qd7 11. fxg6 fxg6 12. Bd2 Nd4 13. Nf3 Nxe2+ 14. Nxe2 Rae8 15. Ng3 e5 16. c4 a6 17. b4 Qc6 18. Qb3 Kh8 19. Ng5 h6 20. Nh3 b5 21. cxb5 Qxb5 22. a4 Qc6 23. b5 axb5 24. axb5 Qb6 25. Ba5 c4+ 26. Bxb6 cxb3 27. Ra7 Ba8 28. Bc7 d5 29. Bd6 Rg8 30. b6 Bc6 31. b7 Nd7 32. Rb1 Bf8 33. Bxf8 Rgxf8 34. Rxb3 Nb8 35. Rb6 Rd8 36. Nf2 Kg7 37. Rxc6 Rf7 38. Rc8 Rfd7 39. Ra8 1-0

[Event "Figueres Nadal op 7th"]
[Site "Figueres"]
[Date "2017.12.28"]
[Round "3"]
[White "Acevedo Egido, David"]
[Black "Vinolas Anglada, Judit"]
[Result "1-0"]
[WhiteElo "1487"]
[BlackElo "1385"]
[PlyCount "99"]
[EventDate "2017.12.27"]
[EventType "swiss"]
[EventRounds "8"]
[EventCountry "ESP"]
[SourceTitle "CBM 182 Extra"]
[Source "ChessBase"]
[SourceDate "2018.02.23"]
[SourceVersion "1"]
[SourceVersionDate "2018.02.23"]
[SourceQuality "1"]

1. e4 c5 2. Nf3 Nc6 3. d4 cxd4 4. Nxd4 g6 5. Nc3 Bg7 6. Be3 Nf6 7. Bc4 0-0 8. Bb3 d6 9. f3 Bd7 10. Qd2 Re8 11. 0-0-0 Rc8 12. h4 h5 13. g4 Ne5 14. gxh5 Nxh5 15. Rdg1 Nc4 16. Bxc4 Rxc4 17. Nf5 Bf6 18. Nh6+ Kf8 19. Rxg6 fxg6 20. Qd5 e6 21. Qxc4 Bxh4 22. Qd4 Bf6 23. Qxd6+ Qe7 24. Qxe7+ Kxe7 25. Ne2 a6 26. Rg1 Bb5 27. Nc3 Bxc3 28. bxc3 Kf6 29. Bd4+ Ke7 30. Rxg6 Be2 31. f4 Nxf4 32. Rg7+ Kd6 33. Rxb7 Rc8 34. Nf7+ Kc6 35. Rb6+ Kd7 36. Ne5+ Ke7 37. Kd2 Bb5 38. a4 Bxa4 39. Rxa6 Be8 40. Ke3 Ng2+ 41. Kf2 Nf4 42. Kf3 Ng6 43. Nd3 Rc6 44. Ra7+ Kd8 45. Nb4 Rd6 46. Bf6+ Kc8 47. Ra8+ Kd7 48. Rd8+ Kc7 49. Rxe8 Kb6 50. Rb8+ 1-0

[Event "Catalunya-ch U18"]
[Site "Girona"]
[Date "2017.01.21"]
[Round "4.1"]
[White "Vinolas Anglada, Judit"]
[Black "Cros Garcia, Marc"]
[Result "0-1"]
[WhiteElo "1684"]
[BlackElo "1899"]
[PlyCount "32"]
[EventDate "2017.01.17"]
[EventType "swiss"]
[EventRounds "7"]
[EventCountry "ESP"]
[SourceTitle "EXT 2024"]
[Source "ChessBase"]
[SourceDate "2023.10.10"]
[SourceVersion "1"]
[SourceVersionDate "2023.10.10"]
[SourceQuality "1"]

1. e4 e5 2. Nf3 Nc6 3. d4 exd4 4. Nxd4 Nf6 5. Nc3 Bb4 6. Nxc6 bxc6 7. Bd2 d6 8. Bd3 Be6 9. a3 Bc5 10. 0-0 0-0 11. Re1 Ng4 12. Rf1 Qh4 13. h3 Nxf2 14. Qf3 Nxh3+ 15. Kh2 Nf2+ 16. Kg1 Qh1# 0-1

[Event "Catalunya-ch U18"]
[Site "Girona"]
[Date "2017.01.17"]
[Round "1.1"]
[White "Serra Canals, Oriol"]
[Black "Vinolas Anglada, Judit"]
[Result "1-0"]
[WhiteElo "2210"]
[BlackElo "1684"]
[PlyCount "51"]
[EventDate "2017.01.17"]
[EventType "swiss"]
[EventRounds "7"]
[EventCountry "ESP"]
[SourceTitle "EXT 2024"]
[Source "ChessBase"]
[SourceDate "2023.10.10"]
[SourceVersion "1"]
[SourceVersionDate "2023.10.10"]
[SourceQuality "1"]

1. d4 Nf6 2. c4 g6 3. Nc3 Bg7 4. Nf3 d6 5. g3 0-0 6. Bg2 Bf5 7. 0-0 c6 8. Re1 d5 9. cxd5 Nxd5 10. e4 Nxc3 11. bxc3 Bg4 12. Rb1 b6 13. h3 Bxf3 14. Bxf3 Na6 15. e5 Rc8 16. Qa4 Nc7 17. Bxc6 Nd5 18. Bd2 e6 19. Rbd1 f6 20. c4 Ne7 21. Bd7 Rc7 22. Bxe6+ Kh8 23. d5 fxe5 24. Bb4 Rb7 25. d6 Nc6 26. Qxc6 1-0

[Event "Figueres Nadal op 6th"]
[Site "Figueres"]
[Date "2016.12.29"]
[Round "5"]
[White "Vinolas Anglada, Judit"]
[Black "Boubakha, Mohamed"]
[Result "0-1"]
[WhiteElo "1387"]
[BlackElo "1964"]
[PlyCount "29"]
[EventDate "2016.12.27"]
[EventType "swiss"]
[EventRounds "8"]
[EventCountry "ESP"]
[SourceTitle "CBM 176 Extra"]
[Source "ChessBase"]
[SourceDate "2017.03.02"]
[SourceVersion "1"]
[SourceVersionDate "2017.03.02"]
[SourceQuality "1"]

1. e4 e5 2. Nf3 Nc6 3. d4 exd4 4. Nxd4 Qf6 5. Be3 Bc5 6. c3 Nge7 7. Qd2 0-0 8. Nb5 Bd6 9. Nxd6 cxd6 10. Bc4 Ne5 11. Be2 Qg6 12. 0-0 b6 13. Qc2 Bb7 14. Nd2 f5 15. exf5 0-1

[Event "Figueres Nadal op 6th"]
[Site "Figueres"]
[Date "2016.12.28"]
[Round "4"]
[White "Mallol Descarrega, Aleix"]
[Black "Vinolas Anglada, Judit"]
[Result "0-1"]
[WhiteElo "1605"]
[BlackElo "1387"]
[PlyCount "88"]
[EventDate "2016.12.27"]
[EventType "swiss"]
[EventRounds "8"]
[EventCountry "ESP"]
[SourceTitle "CBM 176 Extra"]
[Source "ChessBase"]
[SourceDate "2017.03.02"]
[SourceVersion "1"]
[SourceVersionDate "2017.03.02"]
[SourceQuality "1"]

1. e4 c5 2. Nf3 Nc6 3. d4 cxd4 4. Nxd4 g6 5. Nc3 Bg7 6. Be3 Nf6 7. Bc4 d6 8. f3 Bd7 9. Qd2 a6 10. 0-0-0 Rc8 11. Bb3 Ne5 12. g4 0-0 13. h4 h5 14. gxh5 Nxh5 15. Rdg1 Nc4 16. Bxc4 Rxc4 17. f4 e6 18. f5 exf5 19. exf5 Qa5 20. fxg6 f5 21. Rg5 Nf6 22. h5 Ne4 23. Nb3 Qc7 24. Qd5+ Kh8 25. h6 Nxg5 26. hxg7+ Kxg7 27. Bxg5 Kxg6 28. Qg2 Rg4 29. Rh6+ Kxg5 30. Qd2+ f4 31. Rxd6 Rg1+ 32. Nd1 Bg4 33. Rd5+ Rf5 34. Rxf5+ Kxf5 35. Qd5+ Qe5 36. Nd4+ Kg6 37. Qg8+ Qg7 38. Qe8+ Kh6 39. c3 Rxd1+ 40. Kc2 Rxd4 41. cxd4 Qxd4 42. Qf8+ Kg6 43. Qg8+ Qg7 44. Qd5 Bf5+ 0-1

[Event "Figueres Nadal op 6th"]
[Site "Figueres"]
[Date "2016.12.27"]
[Round "2"]
[White "Vinolas Anglada, Judit"]
[Black "Schrader, Edmond"]
[Result "1-0"]
[WhiteElo "1387"]
[BlackElo "1661"]
[PlyCount "50"]
[EventDate "2016.12.27"]
[EventType "swiss"]
[EventRounds "8"]
[EventCountry "ESP"]
[SourceTitle "CBM 176 Extra"]
[Source "ChessBase"]
[SourceDate "2017.03.02"]
[SourceVersion "1"]
[SourceVersionDate "2017.03.02"]
[SourceQuality "1"]

1. e4 e5 2. Nf3 Nc6 3. d4 exd4 4. Nxd4 Bc5 5. Be3 Bb6 6. Nc3 d6 7. Bc4 Nf6 8. Bb3 0-0 9. h3 Re8 10. f3 Ba5 11. Qd2 Ne5 12. 0-0-0 c5 13. Nde2 c4 14. Ba4 Bd7 15. Bxd7 Bxc3 16. Qxd6 Bxb2+ 17. Kxb2 Nexd7 18. Qg3 Qa5 19. Bd2 Qb6+ 20. Ka1 Rac8 21. Rb1 Qe6 22. Nd4 Qe7 23. Nf5 Qf8 24. Bb4 Nc5 25. Bxc5 Nh5 1-0

[Event "Sant Gregori Ajuntament op-A 1st"]
[Site "Sant Gregori"]
[Date "2016.07.??"]
[Round "3.10"]
[White "Bordas Galobardes, Miquel A"]
[Black "Vinolas Anglada, Judit"]
[Result "1-0"]
[WhiteElo "1897"]
[BlackElo "1719"]
[PlyCount "53"]
[EventDate "2016.07.04"]
[EventType "tourn"]
[EventRounds "7"]
[EventCountry "ESP"]
[SourceTitle "EXT 2024"]
[Source "ChessBase"]
[SourceDate "2023.10.10"]
[SourceVersion "1"]
[SourceVersionDate "2023.10.10"]
[SourceQuality "1"]

1. e4 c5 2. Nf3 Nc6 3. d4 cxd4 4. Nxd4 Nf6 5. Nc3 g6 6. Bg5 Bg7 7. Nf3 d6 8. Qd2 Be6 9. 0-0-0 0-0 10. Nd4 Rc8 11. Nxe6 fxe6 12. f4 Kh8 13. Bb5 Qb6 14. Bxc6 Rxc6 15. Qd4 Ng4 16. Qxb6 Rxb6 17. Rd2 Rc8 18. Bxe7 Ne3 19. Rxd6 Kg8 20. Rxb6 axb6 21. e5 Rc4 22. g3 b5 23. a3 Ng4 24. Nxb5 Nf2 25. Rf1 Nd3+ 26. Kb1 Nc5 27. Rd1 1-0

[Event "Llinars del Valles op-B 8th"]
[Site "Llinars del Valles"]
[Date "2015.05.16"]
[Round "6"]
[White "Vinolas Anglada, Judit"]
[Black "Navajas Alvarez, Josep"]
[Result "1/2-1/2"]
[WhiteElo "1681"]
[BlackElo "1831"]
[PlyCount "127"]
[EventDate "2015.04.11"]
[EventType "swiss"]
[EventRounds "9"]
[EventCountry "ESP"]
[SourceTitle "EXT 2016"]
[Source "ChessBase"]
[SourceDate "2015.10.08"]
[SourceVersion "1"]
[SourceVersionDate "2015.10.08"]
[SourceQuality "1"]

1. e4 c5 2. Nf3 d6 3. d4 cxd4 4. Nxd4 Nf6 5. Nc3 g6 6. Be3 Bg7 7. Bc4 0-0 8. f3 Nc6 9. Qd2 Bd7 10. 0-0-0 Qa5 11. h4 Rfc8 12. Bb3 a6 13. Bh6 Bh8 14. g4 b5 15. h5 b4 16. Nd5 Nxd5 17. Bxd5 Bxd4 18. hxg6 hxg6 19. Bxc6 Rxc6 20. Qxd4 e5 21. Qd5 Qxd5 22. Rxd5 Rac8 23. Rh2 Be6 24. Ra5 b3 25. axb3 Bxb3 26. c3 R8c7 27. f4 exf4 28. Bxf4 f6 29. g5 Kg7 30. Rd2 fxg5 31. Rxg5 Rd7 32. e5 d5 33. Rd4 a5 34. Kd2 Rc4 35. e6 Re7 36. Re5 Rc6 37. Re1 Rcxe6 38. Rxe6 Rxe6 39. Bc7 a4 40. Rb4 Kf6 41. Rf4+ Kg5 42. Rf2 Re7 43. Bf4+ Kg4 44. Bh6 Rd7 45. Rg2+ Kf5 46. Rg5+ Kf6 47. Rg4 Ra7 48. Ke3 a3 49. bxa3 Rxa3 50. Rf4+ Ke7 51. Bg5+ Ke8 52. Rf6 Bc2 53. Kd4 Be4 54. c4 Rd3+ 55. Kc5 dxc4 56. Kxc4 Kd7 57. Rf4 Rg3 58. Bh4 Bd3+ 59. Kd4 Rh3 60. Bg5 Bf5 61. Ke5 Re3+ 62. Kf6 Re6+ 63. Kg7 Ke8 64. Ra4 1/2-1/2

[Event "Llinars del Valles op-B 8th"]
[Site "Llinars del Valles"]
[Date "2015.04.11"]
[Round "1"]
[White "Maria Medina, Joan Josep"]
[Black "Vinolas Anglada, Judit"]
[Result "1-0"]
[WhiteElo "1835"]
[BlackElo "1681"]
[PlyCount "69"]
[EventDate "2015.04.11"]
[EventType "swiss"]
[EventRounds "9"]
[EventCountry "ESP"]
[SourceTitle "EXT 2016"]
[Source "ChessBase"]
[SourceDate "2015.10.08"]
[SourceVersion "1"]
[SourceVersionDate "2015.10.08"]
[SourceQuality "1"]

1. e4 c5 2. Nf3 d6 3. d4 cxd4 4. Nxd4 Nf6 5. Nc3 g6 6. f3 Bg7 7. Be3 Nc6 8. Qd2 0-0 9. 0-0-0 Bd7 10. g4 Rc8 11. h4 h5 12. gxh5 Nxh5 13. Qf2 Ne5 14. Nd5 Nc4 15. Bxc4 Rxc4 16. Ne2 e6 17. Ndf4 Qa5 18. Kb1 Rfc8 19. Nxh5 Qxh5 20. c3 b5 21. Rxd6 Be8 22. Bd4 e5 23. Ng3 Qh7 24. Be3 f6 25. h5 g5 26. Nf5 Bh8 27. Re6 R4c7 28. h6 Bf7 29. Re7 Kf8 30. Rxc7 Rxc7 31. Bc5+ Ke8 32. Bd6 Rd7 33. Qc5 Bg6 34. Qc8+ Rd8 35. Qe6+ 1-0

[Event "Girona-ch"]
[Site "Blanes"]
[Date "2015.??.??"]
[Round "8"]
[White "Mallol Descarrega, Aleix"]
[Black "Vinolas Anglada, Judit"]
[Result "1-0"]
[WhiteElo "1866"]
[BlackElo "1728"]
[PlyCount "56"]
[EventDate "2015.09.27"]
[EventType "swiss"]
[EventRounds "9"]
[EventCountry "ESP"]
[SourceTitle "EXT 2017"]
[Source "ChessBase"]
[SourceDate "2016.10.25"]
[SourceVersion "1"]
[SourceVersionDate "2016.10.25"]
[SourceQuality "1"]

1. e4 c5 2. Nf3 d6 3. d4 cxd4 4. Nxd4 Nf6 5. Nc3 g6 6. f3 Bg7 7. Be3 0-0 8. Bc4 Bd7 9. Qd2 Nc6 10. 0-0-0 Rc8 11. Bb3 Ne5 12. g4 Nc4 13. Bxc4 Rxc4 14. h4 h5 15. gxh5 Nxh5 16. f4 e5 17. fxe5 Bxe5 18. Rdg1 Bc6 19. Qe2 Bxd4 20. Bxd4 Rxd4 21. Qxh5 Qf6 22. Qg5 Kg7 23. h5 Rd8 24. hxg6 fxg6 25. Qh5 Qf4+ 26. Kb1 Bxe4 27. Nxe4 Rxe4 28. Qxg6+ Kf8 1-0

[Event "Girona-ch"]
[Site "Blanes"]
[Date "2015.??.??"]
[Round "4"]
[White "Vinolas Anglada, Judit"]
[Black "Garcia Calleja, Rafael"]
[Result "0-1"]
[WhiteElo "1728"]
[BlackElo "1822"]
[PlyCount "110"]
[EventDate "2015.09.27"]
[EventType "swiss"]
[EventRounds "9"]
[EventCountry "ESP"]
[SourceTitle "EXT 2017"]
[Source "ChessBase"]
[SourceDate "2016.10.25"]
[SourceVersion "1"]
[SourceVersionDate "2016.10.25"]
[SourceQuality "1"]

1. e4 b6 2. d4 Bb7 3. Nc3 e6 4. a3 d5 5. e5 c5 6. Nf3 Nc6 7. Be2 cxd4 8. Nxd4 Bc5 9. Nf3 Qc7 10. Nb5 Qb8 11. Bf4 Nge7 12. Nd6+ Kf8 13. b4 Bxd6 14. exd6 Ng6 15. Bg3 Qd8 16. c4 Nb8 17. c5 Nd7 18. Rc1 bxc5 19. bxc5 Rc8 20. Qd4 Bc6 21. a4 f6 22. Bb5 Qa5+ 23. Qd2 Qxd2+ 24. Nxd2 Bxb5 25. axb5 Rxc5 26. Rxc5 Nxc5 27. 0-0 e5 28. Rc1 Ne6 29. Nb3 Ke8 30. Rc6 Kd7 31. f3 Rb8 32. Ra6 Rxb5 33. Na5 Rb1+ 34. Kf2 d4 35. Ke2 Rb2+ 36. Kf1 Rb5 37. Nc4 Rb7 38. Be1 Nc5 39. Ra5 Nd3 40. Ke2 Ngf4+ 41. Kf1 Nxe1 42. Kxe1 Nxg2+ 43. Ke2 Ne3 44. Nxe3 dxe3 45. Kxe3 Kxd6 46. Ke4 Kc6 47. f4 exf4 48. Kxf4 Kb6 49. Rf5 a5 50. h4 a4 51. h5 h6 52. Rd5 a3 53. Rd2 Kc5 54. Ra2 Kb4 55. Ke3 Rc7 0-1

[Event "Llinars del Valles op-B 8th"]
[Site "Llinars del Valles"]
[Date "2014.06.21"]
[Round "8"]
[White "Mallol Descarrega, Aleix"]
[Black "Vinolas Anglada, Judit"]
[Result "1-0"]
[WhiteElo "1858"]
[BlackElo "1700"]
[PlyCount "55"]
[EventDate "2014.04.26"]
[EventType "swiss"]
[EventRounds "8"]
[EventCountry "ESP"]
[SourceTitle "EXT 2018"]
[Source "ChessBase"]
[SourceDate "2017.10.13"]
[SourceVersion "1"]
[SourceVersionDate "2017.10.13"]
[SourceQuality "1"]

1. e4 c5 2. Nf3 d6 3. d4 cxd4 4. Nxd4 Nf6 5. Nc3 g6 6. Be3 Bg7 7. Bc4 0-0 8. f3 Nc6 9. Qd2 Nxd4 10. Bxd4 a6 11. Nd5 b5 12. Nxf6+ exf6 13. Bd5 Rb8 14. Ba7 Rb6 15. Bxb6 Qxb6 16. Qf2 Qxf2+ 17. Kxf2 f5 18. c3 fxe4 19. Bxe4 Rd8 20. a4 d5 21. Rhd1 Be6 22. axb5 axb5 23. Ra5 Bf6 24. Rxb5 d4 25. h3 Bc4 26. Rb4 Ba6 27. Rb6 Bc4 28. Rxf6 1-0

[Event "Catalunya-ch U14"]
[Site "Saragosa"]
[Date "2014.02.01"]
[Round "4.10"]
[White "Pasto Perlado, Raul"]
[Black "Vinolas Anglada, Judit"]
[Result "1-0"]
[WhiteElo "1734"]
[BlackElo "1700"]
[PlyCount "53"]
[EventDate "2014.01.25"]
[EventType "swiss"]
[EventRounds "8"]
[EventCountry "ESP"]
[SourceTitle "EXT 2024"]
[Source "ChessBase"]
[SourceDate "2023.10.10"]
[SourceVersion "1"]
[SourceVersionDate "2023.10.10"]
[SourceQuality "1"]

1. e4 e5 2. Nf3 Nc6 3. Bb5 d6 4. 0-0 a6 5. Ba4 Nf6 6. Re1 g6 7. c3 Bg7 8. d4 0-0 9. dxe5 dxe5 10. Qxd8 Rxd8 11. Bxc6 bxc6 12. Nxe5 Nxe4 13. Nxc6 Re8 14. f3 Nd6 15. Rxe8+ Nxe8 16. Bf4 Bd7 17. Ne7+ Kf8 18. Nd5 c6 19. Nc7 Nxc7 20. Bxc7 Ke7 21. Nd2 c5 22. Ne4 Ke6 23. Nxc5+ Ke7 24. Re1+ Kf6 25. Nxd7+ Kg5 26. Be5 Bxe5 27. Rxe5+ 1-0